Statistics for Zeměplocha

Click here to take the quiz!

General Stats

  • This quiz has been taken 10 times
  • The average score is 10 of 41

Answer Stats

HintAnswer% Correct
1. BkBarva kouzel
83%
2. LfLehké fantastično
67%
4. MMort
67%
6. SsSoudné sestry
67%
8. SSStráže! Stráže!
67%
12. ČncČarodějky na cestách
50%
3. ČČaroprávnost
50%
35. ZZimoděj
50%
34. BBuch!
33%
5. MpMagicky prazdroj
33%
10. PoPohyblivé obrázky
33%
23. CJCarpe Jugulum
17%
9. EErik
17%
21. HnnHrrr na ně!
17%
32. KsoKlobouk s oblohou
17%
13. MbMalí bohové
17%
18. MMaškaráda
17%
15. MvzMuži ve zbrani
17%
36. NpNadělat prachy
17%
37. NaNevídaní akademikové
17%
29. NhNoční hlídka
17%
19. NzjNohy z jílu
17%
38. OspObléknu si půlnoc
17%
41. PkPastýřská koruna
17%
27. PhPoslední hrdina
17%
22. PkPoslední kontinent
17%
11. SSekáč
17%
30. SnSvobodnej národ
17%
16. TmTěžké melodično
17%
28. ÚMÚžasný Mauric a jeho vzdělaní hlodavci
17%
17. ZčZajímavé časy
17%
33. ZpZaslaná pošta
17%
14. DapDámy a pánové
0%
20. OpOtec prasátek
0%
24. PePátý elefant
0%
31. PrPodivný regiment
0%
40. PpPod parou
0%
25. PPravda
0%
7. PPyramidy
0%
39. ŠŠňupec
0%
26. ZčZloděj času
0%

Score Distribution

Percentile by Number Answered

Percent of People with Each Score

Your Score History

You have not taken this quiz